00622 2200241 4500001002100000005001500021035002000036245007200056100001800128250000600146300003500152700001900187260003000206082001000236084001600246020002200262650001100284990001700295990001700312990001700329990001700346990001700363INLIS00000000000048920181127103020 a0010-11180000321 aDasar-dasar Belajar Renang /cSukirno, S.Pd; Editor, Siswanro ,S.Pd0 aSukirno, S.Pd a- aiv, 44 hlm. :bilus. ;c21 cm.0 aSiswanro ,S.Pd aDepok :bArya Duta,c2008 a797.2 a797.2 SUK d a978-979-750-411-3 aRenang a01708/P/2018 a01709/P/2018 a01710/P/2018 a01711/P/2018 a01712/P/2018